[Event "EU-ch 14th"]
[Site "Legnica"]
[Date "2013.05.11"]
[Round "7"]
[White "Esen, Baris"]
[Black "Postny, Evgeny"]
[Result "0-1"]
[WhiteElo "2557"]
[BlackElo "2637"]
[Annotator "Postny,E"]
[PlyCount "66"]
[EventDate "2013.05.05"]
[EventType "swiss"]
[EventRounds "11"]
[EventCountry "POL"]
[SourceTitle "CBM 155"]
[Source "ChessBase"]
[SourceDate "2013.07.16"]
[SourceVersion "1"]
[SourceVersionDate "2013.07.16"]
[SourceQuality "1"]

1. d4 d5 2. c4 dxc4 3. Nf3 Nf6 4. e3 e6 5. Bxc4 {Last year we already played
this opening and Baris chose 5.a4. This time it seems that my opponent came
well prepared.} a6 6. O-O b5 (6... c5 {is a different story with thousands of
games played so far.}) 7. Bd3 Bb7 8. Qe2 {The idea of this order of moves is
to fight against the immediate 8...c5.} (8. a4 b4 9. Nbd2 c5 {is the main line
where I have some experience already.}) 8... Nbd7 (8... c5 $6 {loses a pawn
after} 9. dxc5 Bxc5 10. Bxb5+ $1 {even though in some games Black did obtain
some compensation.}) 9. a4 b4 10. e4 Be7 (10... c5 $6 11. d5 exd5 12. exd5+ Qe7
13. Qc2 Qd6 14. Nbd2 Nb6 15. Re1+ Be7 16. Ne4 Nxe4 17. Bxe4 $16 {1-0 (26)
Markos,J (2540)-Varga,Z (2477) Banska Stiavnica 2012}) 11. Nbd2 O-O $6 {
As usual, I mixed up something. Black shouldn't delay the c7-c5 strike. But,
this is for future games.} ({For instance:} 11... c5 12. e5 Nd5 13. Ne4 cxd4
14. Bg5 O-O 15. Nd6 Bxg5 16. Nxb7 Qe7 $11) 12. e5 Nd5 13. Ne4 Re8 $2 {Another
move which is not to the point. Now my position becomes critical. For some
reason I thought that 13...c5 was not good and decided to make a defensive
move, setting free the f8-square for a knight or bishop.} (13... c5 14. Nxc5
Nxc5 15. dxc5 Qc7 (15... Bxc5 $2 16. Bxh7+ $1) 16. Bd2 Qxc5 17. Rac1 $14) 14.
a5 $6 {This is standard positional move in this opening fixing the Pa6 as a
target. However, it was already possible to start a direct attack against the
black king.} (14. Nfg5 $1 h6 (14... Nf8 15. Qh5 f5 16. exf6 Nxf6 17. Nxf6+ Bxf6
18. Nxh7 $18) (14... Bxg5 15. Bxg5 {also very bad for Black.}) 15. Nxf7 $1 Kxf7
16. Qh5+ Kg8 17. Bxh6 $1 gxh6 (17... Nf8 18. Qg4 g6 19. Ng3 $18) 18. Qg6+ Kf8
19. Qxh6+ Kg8 20. Nd6 $1 Nf8 21. Bh7+ $1 Nxh7 22. Qg6+ Kh8 23. Nf7# {The line
illustrates very well White's attacking potential.}) 14... g6 $6 (14... c5 15.
Nfg5 $40) (14... h6 {was relatively better, covering the g5 square.}) 15. h4 $2
{Again, missing the chance to develop a glorious attack.} (15. Nfg5 $1 h6 16.
Nxe6 $1 fxe6 17. Qg4 Nf8 18. Bxh6 Qd7 19. Bxf8 Bxf8 20. Nf6+ Nxf6 21. exf6 $18)
15... c5 {Finally. Now, whatever happens, Black has counterplay.} 16. Bg5 $6 {
It's a logical strategic idea to swap the dark-squared bishops and get access
to the juicy d6-square. But, now Black is ready to fight back.} (16. dxc5 Nxc5
17. Nxc5 Bxc5 18. h5 $14) 16... cxd4 17. Nd6 Nxe5 $1 {I was happy to give up
the exchange and ruin White's centre.} ({There was an interesting alternative
which I didn't even consider:} 17... Nc3 $5 18. bxc3 Bxf3 19. gxf3 Bxg5 20.
Nxe8 dxc3 21. Rfd1 (21. hxg5 Qxg5+ 22. Kh2 Qh5+ $11) 21... Bxh4 22. Nd6 Qg5+
23. Kf1 Qxe5 {with a lot of pawns for the rook and decent compensation.}) 18.
Nxe8 Nxf3+ 19. Qxf3 Qxe8 20. Rfe1 {The position is approximately balanced. Now
I can finally say that I had survived the opening!} Qd8 21. Qg3 (21. Bxe7 Qxe7
22. Qg3 $11) 21... Bd6 22. Qg4 {White decided to keep the queens on the board.}
(22. Bxd8 Bxg3 23. Bb6 Bxh4 24. Bxd4 {could lead to a balanced endgame.}) 22...
Nf6 23. Bxf6 Qxf6 24. Be4 Bxe4 25. Qxe4 Rd8 26. Rac1 $6 (26. Rad1 Bc7 27. Qc6
Bxa5 28. Qxa6 Rd5 29. g3 {would keep the position approximately equal.}) 26...
d3 $1 {White had a good blockade on the light squares, so I couldn't miss this
chance.} 27. Red1 $2 {Just giving up an important pawn.} ({It was necessary to
admit the mistake and move the queenside rook to d1.} 27. Rcd1 Bc5 28. Rd2 $15)
27... Qxb2 {The Pd3 can't be captured. Suddenly Black is on top.} 28. Rc6 $6 (
28. g3 Bf8 29. Kg2 {would be far more resistant.}) 28... b3 $19 {My passed
pawns are rolling and unstoppable.} 29. Rxa6 Bc5 30. Qf3 Rd5 (30... Qe2 $19)
31. Rc6 Rf5 32. Qxf5 gxf5 33. Rxc5 Qc2 $1 {It's always nice to win a game
before the free day!} 0-1

[Event "Syre Memorial op 35th"]
[Site "Issy les Moulineaux"]
[Date "2012.05.18"]
[Round "3"]
[White "Giffard, Nicolas"]
[Black "Guliyev, Namig"]
[Result "0-1"]
[WhiteElo "2353"]
[BlackElo "2522"]
[Annotator "Primel,D"]
[PlyCount "100"]
[EventDate "2012.05.17"]
[EventType "swiss"]
[EventRounds "6"]
[EventCountry "FRA"]
[SourceTitle "EXT 2015"]
[Source "ChessBase"]
[SourceDate "2014.11.20"]
[SourceVersion "1"]
[SourceVersionDate "2014.11.20"]
[SourceQuality "1"]

1. d4 d5 2. c4 dxc4 {la spécialité du GMI} 3. Nf3 Nf6 (3... a6 $5) 4. e3 e6 5.
Bxc4 a6 (5... c5 {La grande ligne}) 6. O-O (6. Qe2 $5 {Bizarrement, il ya peu
de parties jouées par FURMAN dans son système} c5 7. O-O (7. dxc5 Bxc5 8. e4
Qc7 9. e5 Ng4 10. O-O Nxf2 $13 {Sokolov,I (2625)-Georgiev,K (2615) Tilburg
rapid20 1994 (4) 1-0}) 7... b5 8. Bb3 Bb7 9. Rd1 {[%cal Gd1d8,Gd4c5] L'idée de
cette variante Furman} Nbd7 10. Nc3 Qb8 11. e4 cxd4 12. Nxd4 Bd6) 6... Nbd7 {
Une ligne secondaire mais déjà jouée au tournoi d'Issy 2010 par le GMI} (6...
c5 7. a4 (7. Qe2) (7. Bb3 {La grande ligne depuis plusieurs années})) 7. a4 b6
{Le GMI polonais MARKOWSKI est également un habitué de ce système coté noir
mais la position Blanche semble plus facile а jouer.} (7... c5 8. b3 (8. Nc3
Be7 9. Qe2) (8. Qe2 Qc7 9. Nc3) 8... Qc7 9. Bb2 b6 10. Nc3 Bd6 11. d5 Nf8 12.
dxe6 fxe6 13. h3 Bb7 14. Qe2 Qc6 15. e4 Ng6 16. Bxe6 Bh2+ 17. Nxh2 Qxe6 18. f4
Qxb3 19. Nd5 Bxd5 20. exd5+ Kf8 21. Bxf6 gxf6 22. Qe6 {Zhou Jianchao (2650)
-Sasikiran,K (2686)/Olongapo City 2010/CBM 136 Extra/1-0 (44)}) 8. b3 $5 {
La préparation de l'ancien Champion de France} (8. Nc3 {La grande ligne} Bb7 9.
Qe2 (9. Re1 Bb4 {Guilleux,F (2394)-Guliyev,N (2533) Syre Memorial op 33th 2010
(4) 1/2}) 9... Bb4 10. Rd1 O-O 11. Bd2 Qe7 12. Ne5 Nxe5 13. dxe5 Nd7 14. f4 Nc5
15. Be1 Rfd8 16. Rd4 Bc6 17. Qg4 Rxd4 18. exd4 Nxa4 19. f5 exf5 20. Qxf5 Bxc3
21. bxc3 b5 22. Bd3 g6 {Janev,T (2382)-Guliyev,N (2532)/Plovdiv 2012/CBM 148/
1-0 (44)}) (8. Qe2 Bb7 9. Nc3 Bb4 10. Rd1 O-O 11. Na2 (11. Bd3 c5 $11) 11...
Bd6 12. b4 $5 {[%csl Ga5,Gc5];Semcesen,D (2403)-Andersson,G (2216) SWE-chT
0708 2007 (5) 1-0}) 8... Bb7 9. Bb2 $146 {Curieusement cette nouveauté a
été rejouée quelques jours plus tard} (9. Ba3 $6 Bxa3 10. Nxa3 Qe7 $11 {
Brekke,J-Mannion,S (2339) Monarch Assurance 12th 2003 (3) 0-1}) 9... Bd6 $5 {
[%cal Ge6e5] Un plan intéressant, les Noirs ont économisé en retardant le coup
libérateur c5 mais ils vont tenter de réagir au centre par e5} (9... c5 10. Nc3
(10. dxc5 {Moins actif} Bxc5 11. Nbd2) (10. Nbd2 Bd6 {Jianu,V (2500)-Nanu,C 
(2520) Baia Sprie Limpedea Cup 4th 2012 (8) 1-0}) 10... cxd4 11. exd4 Be7 12.
d5 $36 {[%csl Re8]}) 10. Nbd2 O-O 11. Qe2 Qe7 (11... Re8) 12. e4 $1 e5 13. d5
$14 {[%csl Rb7]} Nh5 {[%csl Gf4]} 14. g3 g6 15. Ne1 {[%cal Ge1d3,Gf2f4]} Ng7 {
La position noire est assez passive} 16. Nd3 c6 (16... f5 {[%csl Re6] Ne
parait pas trés sain}) 17. dxc6 Bxc6 18. Rfc1 $1 $16 {[%cal Ga4a5]} Bb7 19. Bd5
$1 Bxd5 20. exd5 {[%csl Gc6][%cal Gc1c6]} f5 {Il est temps de réagir а
l'aile-roi car les Blancs ont pris l'initative а l'aile-dame} 21. Nc4 {[%csl
Gc4]} (21. Rc6 $143 e4 22. Nf4 {[%csl Ge6][%cal Gb2g7]} Bxf4) 21... Rfe8 22. f4
(22. Rc2 $5 {[%cal Ga1c1]} e4 23. Nxd6 exd3 24. Qxe7 Rxe7 25. Rc6 $36 {[%csl
Gb2,Gd6,Rg7]}) 22... exf4 23. Qxe7 Bxe7 24. Nxf4 $16 {[%csl Gb2,Ge6,Gf4,Rg7]
Le P "d5" est peu faible surtout en cas d'échange mais pour l'instant, les
Blancs sont nettement mieux notamment а cause la position hors-jeu du Ng7} Bf8
(24... b5 25. Na5 {[%cal Ga5c6,Gc1c7]}) 25. Bd4 {[%csl Rb6]} b5 26. axb5 $6 {
[%csl Rd5] Provoque des échanges qui sont dans l'intérêt des Noirs} (26. Na5
$142 {[%cal Ga5c6]} Re4 27. Nc6 $36) 26... axb5 27. Rxa8 Rxa8 28. Nb6 $6 {
une nouvelle simplification et non seulement les Blancs ont perdu tout
avantage mais la position pourrait devenir crittique} Nxb6 29. Bxb6 Bd6 $1 30.
Rc6 Ne8 $15 {[%csl Rd5,Gd6,Ge8] Les Noirs tiennent bien la case de blocage} 31.
Ne6 Kf7 32. Nd8+ Ke7 33. Nb7 Ra1+ $1 {[%csl Rd5][%cal Ga1d1]} 34. Kg2 Rd1 35.
Nxd6 Nxd6 36. Bc5 Rxd5 {La faiblesse "d5" est tombée} 37. b4 $6 (37. Bxd6+ $5 {
Toutes les finales de R sont nulles selon l'adage et il fallait peut-être
tenter sa chance dans cette finale classique} Rxd6 38. Rc5 b4 (38... Rb6 39.
Rc7+ Kd6 40. Rxh7) 39. Rc4 (39. Rb5)) 37... Kd7 38. Rb6 Rd2+ 39. Kg1 (39. Kf3
Ne4 {[%csl Rf3]}) 39... Kc7 40. h4 Rd3 41. Kh2 Ne4 42. Rxb5 Rxg3 43. Ra5 Kc6
44. Be7 f4 $19 45. b5+ Kb7 46. Ra4 Re3 47. Bd8 Re2+ 48. Kh3 f3 49. b6 f2 50.
Ra7+ Kc8 0-1

[Event "Rohde op 09th"]
[Site "Sautron"]
[Date "2009.10.31"]
[Round "9"]
[White "Maiorov, Nikita"]
[Black "Ivanov, Jordan"]
[Result "1-0"]
[WhiteElo "2523"]
[BlackElo "2408"]
[Annotator "RR"]
[PlyCount "83"]
[EventDate "2009.10.24"]
[EventType "swiss"]
[EventRounds "9"]
[EventCountry "FRA"]
[SourceTitle "EXT 2010"]
[Source "ChessBase"]
[SourceDate "2010.11.25"]
[SourceVersion "1"]
[SourceVersionDate "2010.11.25"]
[SourceQuality "1"]

1. d4 d5 2. c4 dxc4 3. Nf3 Nf6 4. e3 e6 5. Bxc4 c5 6. O-O Nc6 7. Qe2 {[%cal
Gf1d1]} a6 8. Rd1 (8. Nc3) (8. a4 {Maiorov,N (2523)-Mercier,J (1900) Rohde op
9th 2009 (5.7) 1-0}) 8... b5 9. dxc5 Qc7 10. Bd3 (10. Bb3) 10... Bxc5 11. a3 {
[%cal Gb2b4]} ({RR} 11. Nbd2 Bb7 12. Nb3 Bd6 13. Bd2 O-O 14. Rac1 Qe7 15. e4
Nd7 16. Bb1 Rfd8 17. Na5 Nxa5 18. Bxa5 Rdc8 19. e5 Bc5 20. Be4 Nf8 21. h4 h6
22. g3 Bxe4 23. Qxe4 Qa7 24. Rc2 Rab8 25. a3 Ng6 {Safin,S (2523)-Sasikiran,K 
(2658)/Mumbai 2003/CBM 093 ext/1/2-1/2 (34)}) 11... Bd6 ({RR} 11... Bb7 12. b4
Bd6 13. Bb2 Ne5 14. Nxe5 Bxe5 15. Bxe5 Qxe5 16. Nd2 O-O 17. Nb3 {RR} Qg5 18. f4
Qh4 19. Nc5 Bc6 20. Rac1 Rfc8 21. Nxa6 Rxa6 22. Bxb5 Rxa3 23. Rxc6 Rca8 24. Ra6
R3xa6 25. Bxa6 g5 26. g3 Qh6 27. b5 gxf4 28. exf4 Qf8 29. Bb7 Rb8 30. Bc6 Qc5+
31. Qf2 Rxb5 32. Bxb5 {Pirc,V-May,D/Sliac 1932/HCL/1-0 (37)}) 12. Nbd2 Bb7 13.
a4 $1 $146 {[%csl Rb5]} (13. Ne4 {Hjelm,N (2313)-Tiitta,S (2249) Helsinki
ShakkiNet-A 4th 2002 (5) 1-0}) 13... O-O $1 (13... Nb4 {[%cal Gb4d3]} 14. axb5
Nxd3 15. Qxd3 axb5 16. Rxa8+ Bxa8 17. Qxb5+ Bc6 $44) 14. axb5 axb5 15. Rxa8
Rxa8 16. Bxb5 Ne5 $44 17. Nxe5 Bxe5 18. h3 Rb8 {[%cal Gb8b2] le P passé "b"
est assez difficile а valoriser} 19. Bd3 Bd5 (19... g6 {[%csl Gg8]}) 20. e4 Ba8
21. Nc4 $16 Bd4 22. Bc2 e5 23. b3 Qc6 {[%csl Re4]} 24. Re1 Nd7 25. Bb2 Bxb2 26.
Nxb2 Nc5 27. Nc4 f6 28. Nd2 Ne6 {[%cal Ge6d4]} 29. Bd3 Kh8 (29... Nf4) 30. Bc4
Nf4 31. Qe3 Rd8 32. Nf1 {[%csl Gf5][%cal Gf1g3,Gg3f5]} Rd4 33. Ng3 Qe8 (33...
g6 $142 {[%csl Gf5,Gh5]}) 34. f3 Qg6 35. Kh2 Qg5 $6 36. Bf1 (36. Ra1) 36... h5
37. Nf5 Rd3 38. Qc1 h4 39. Rd1 Rxb3 $4 $138 40. Qc8+ Kh7 41. Rd8 Ng6 42. Qc4
1-0

[Event "Vandoeuvre op 11th"]
[Site "Vandoeuvre"]
[Date "2014.12.28"]
[Round "5"]
[White "Bailet, Pierre"]
[Black "Guliyev, Namig"]
[Result "1-0"]
[WhiteElo "2484"]
[BlackElo "2557"]
[Annotator "RR"]
[PlyCount "125"]
[EventDate "2014.12.26"]
[EventType "swiss"]
[EventRounds "9"]
[EventCountry "FRA"]
[SourceTitle "EXT 2017"]
[Source "ChessBase"]
[SourceDate "2016.10.25"]
[SourceVersion "1"]
[SourceVersionDate "2016.10.25"]
[SourceQuality "1"]

1. d4 {90} d5 2. Nf3 Nf6 3. c4 dxc4 {Le répertoire habituel du GMI} 4. e3 e6
5. Bxc4 a6 (5... c5 {La grande ligne} 6. Bb3 Nc6 7. Nc3 cxd4 8. exd4 Be7 9. Bg5
O-O 10. O-O a6 11. Qd2 Bd7 12. Rad1 Na5 13. Bc2 Nc4 14. Qe2 Rc8 (14... Nxb2)
15. Bb3 b5 16. Ne5 Nb6 17. Rfe1 h6 {Bacrot,E (2710)-Edouard,R (2587) FRA-chA
86th 2011 (9) 1-0}) 6. O-O b5 7. Bd3 (7. Bb3) (7. Be2) 7... Bb7 8. a4 {Tentant
de profiter de l'ordre des coups qui ont joué b5 avant c5} b4 9. Nbd2 (9. Qe2
{[%cal Gf1d1,Gd1d8]} c5 10. dxc5 Bxc5 11. Rd1 (11. e4) 11... Nbd7 12. b3 O-O
13. Bb2 $14 {Jobava,B (2669)-Sokolov,I (2657) EU-ch 10th playoff Medals rapid
2009 (2.1) 1-0}) 9... c5 10. e4 $1 {[%csl Re8] Un gambit qui donne une bonne
initiative aux Blancs} Nc6 $5 {Un coup rarement joué mais essayé plusieurs
fois par le GMI POSTNY et le GMI change le premier par rapport à une partie
jouée quelques mois plus tôt} (10... cxd4 11. e5 {Loiseau,Q (2339)-Guliyev,N
(2557) Paris-ch op-A 89th 2014 (7) 1-0}) 11. e5 Ng4 $6 $146 (11... Nd7 12. Ne4
Nxd4 13. Nxd4 cxd4 14. Bf4 $44 {Schneider,I (2489)-Postny,E (2647) Bundesliga
1213 2012 (3.3) 1/2}) (11... Nd5 12. Nb3 Nxd4 13. Nfxd4 cxd4 14. Qg4 $44 {
Gladyszev,O (2349)-Nguyen,A (2496) Budapest Spring op 16th 2000 (4) 1/2}) 12.
Be4 $1 {[%cal Gh2h3,Gd2c4]} (12. h3 Ngxe5) 12... cxd4 13. h3 Nh6 14. Nb3 Nf5 {
Probablement l'idée de la nouveauté Ng4 et les Noirs espèrent s'accrocher
au P "d4" mais au détriment d'un retard de développement.} 15. Nbxd4 (15. Bf4
$5 Na5 (15... Be7 16. g4 Nh6 17. Nfxd4 $40) 16. Bxb7 Nxb7 17. Nbxd4 Nxd4 18.
Nxd4 Bc5 19. Qf3 Bxd4 20. Qxb7 O-O 21. Rad1 $32 (21. Qxb4 Rb8 {[%csl Rb2]})) (
15. Bg5 $44) 15... Ncxd4 16. Bxb7 Ra7 17. Nxd4 Nxd4 18. Be4 {[%csl Ge4] Avec
la paire de B, les Blancs ont un jeu agréable en millieu de partie dans cette
position ouverte et la nouveauté Ng4 a fait long-feu} Be7 19. Be3 (19. Qg4 Nb3
) 19... Rd7 20. Qg4 $16 Kf8 (20... O-O 21. Bh6) 21. Qh5 Kg8 {[%csl Rh8]} 22.
Kh1 g6 23. Qh6 $1 {Perd un tempo mais la Q est mieux placée en "f4" qu'en "d1"
} (23. Qd1 $143 Kg7 {[%csl Rd1]}) 23... Bf8 24. Qf4 h5 25. Rad1 $32 Nf5 {
Espérant simplifier} 26. Rxd7 Qxd7 27. Bxf5 (27. Rc1 $6 Qxa4 28. Rc8 Nxe3 29.
Bxg6 Qa1+ 30. Kh2 Nf1+ $1 {La pointe qui force la nulle}) 27... exf5 28. Qc4 $1
{[%cal Gc4g8]} Qxa4 29. e6 $40 Bg7 30. exf7+ Kh7 {Les Noirs terminent enfin le
développement et le Kh7 n'est pas facile à attaquer} 31. Bc5 $1 {[%cal Gc5b4,
Gf7f8]} Rc8 $1 32. Qxb4 Qxb4 33. Bxb4 Bf8 34. Bc3 Rc7 35. Ra1 Rxf7 36. Rxa6 {
[%csl Gb2,Gc3] Malgré l'échange des Q, les Noirs ont une finale difficile et
la case de promotion du P passé est sur cases Noires} Rb7 37. Rc6 Bg7 $1 38.
g3 g5 $6 39. Kg2 g4 $6 {[%csl Rf5,Rh5] les P Noirs non soutenus par le K sont
un peu fragiles.} 40. Rc5 Bxc3 41. bxc3 Kg6 42. Rc6+ $1 Kg7 43. c4 Rb3 $1 {
[%cal Gb3c3] La R Blanche est placée devant le P} 44. h4 Rc3 $44 {[%csl Gc3,
Rc6]} 45. c5 Kf7 46. Rc8 Ke7 (46... Kg7 {Avec un Pg6 au lieu de g4, la
position Noire serait plus facile à défendre} 47. c6 Kh7 48. c7 Kg7 49. Kf1
Rc2 50. Ke1 Rc6 51. Ke2 $18 {[%csl Rf5,Rh5][%cal Ge2e3,Ge3f4]}) 47. c6 Rc1 48.
c7 Rc3 49. Rh8 $1 Rxc7 50. Rxh5 Kf6 {[%csl Gh4] Malgré la simplification, la
finale de R est nettement meilleure pour les Blancs} 51. Rh8 Kg7 52. Ra8 Rc3
53. Ra4 Kg6 54. Ra6+ Kg7 55. h5 Rf3 $5 56. Rg6+ Kh7 57. Kf1 $1 Ra3 58. Rf6 $1
Rf3 $6 {Empêche Ke3 mais la Rf3 manque d'espace} (58... Ra5 59. Ke2 {[%cal
Ge2e3,Ge3f4]} Kg7 60. Rg6+ Kf7 (60... Kh7 61. Ke3) 61. Ke3 Ra4) 59. Ke2 Kg7 60.
Rg6+ Kf7 $2 $138 {Avec cette cadence 1h30 Ko, il est difficile de ne pas faire
de fautes en finale.} (60... Kh7 $8) 61. Rg5 Kf6 62. h6 $1 {[%csl Rf3] La
raison pour laquelle 58. Ra5 paraissait plus actif} Kxg5 63. h7 1-0

[Event "POL-chT 66th"]
[Site "Katowice"]
[Date "2010.09.05"]
[Round "2"]
[White "Swiercz, Dariusz"]
[Black "Gdanski, Jacek"]
[Result "1-0"]
[WhiteElo "2507"]
[BlackElo "2542"]
[Annotator "RR"]
[PlyCount "93"]
[EventDate "2010.09.04"]
[EventType "team-tourn"]
[EventRounds "9"]
[EventCountry "POL"]
[SourceTitle "EXT 2016"]
[Source "ChessBase"]
[SourceDate "2015.10.08"]
[SourceVersion "1"]
[SourceVersionDate "2015.10.08"]
[SourceQuality "1"]
[WhiteTeam "Wroclaw Polonia"]
[BlackTeam "Katowice Szopienice"]
[WhiteTeamCountry "POL"]
[BlackTeamCountry "POL"]

1. d4 d5 2. c4 dxc4 3. Nf3 c5 4. e3 Nf6 5. Bxc4 e6 6. O-O a6 7. Bb3 (7. Bd3)
7... Nc6 (7... b5 8. Qe2 Bb7 9. Rd1 Nbd7 10. Nc3 Qb6 11. d5 Nxd5 12. Bxd5 (12.
Nxd5 exd5 (12... Bxd5) 13. Bxd5) 12... exd5 13. Nxd5 (13. e4 $146 dxe4 14. Nxe4
O-O-O 15. Bf4 $44 {[%csl Rc8]})) 8. Qe2 (8. Nc3 Be7 9. dxc5) 8... cxd4 9. Rd1
Be7 10. exd4 (10. Nc3 O-O 11. exd4 (11. Nxd4 Qc7 12. e4)) 10... O-O 11. Nc3 Nb4
{[%csl Gd5]} 12. Bg5 Nfd5 13. Bd2 b5 $146 (13... Nxc3 14. bxc3 Nd5 15. c4 Nf6
16. Ne5 Nd7 17. Bf4 Nxe5 18. Bxe5 b6 19. Qf3 Ra7 20. Bc2 Bd6 21. c5 Bxe5 22.
dxe5 Qc7 23. Qe4 g6 24. c6 Qe7 25. Rd6 b5 26. Rad1 a5 27. a3 Ra6 28. Qd4 Qc7
29. Be4 Qa7 30. Rd8 Qxd4 31. R1xd4 b4 32. Rxf8+ Kxf8 33. Rd8+ Ke7 34. Rxc8 bxa3
35. Rc7+ Ke8 36. Rd7 Ra8 37. Rd1 Rd8 38. Ra1 Rd4 39. f3 Ra4 40. Rc1 {1-0 (41)
Shumiakina,T (2355)-Rubzova,T (2290) St Petersburg 2003}) 14. Ne4 {[%cal Ge4c5,
Ge4g5] Evite les échanges avec un P isolé} Bb7 15. Rac1 Rc8 $11 16. Nc5 Bxc5
17. dxc5 $14 {[%cal Gd1d8]} Qf6 18. Qe4 {[%cal Ga2a3]} (18. Bg5 Nf4 $1 {
[%cal Gb7f3]}) 18... a5 19. Bxb4 $6 (19. a3 $142 {Plus naturel et la paire de
B doit être utile dans cette position ouverte} Nc6 20. Ng5 (20. Bc2) 20... g6)
19... axb4 20. Nd4 {[%csl Gd4]} Nc3 (20... Rfd8 21. c6) 21. Qxb7 Nxd1 22. Rxd1
Rxc5 23. g3 g6 24. Nxb5 (24. Qb6) 24... Qxb2 25. Nd6 Rc1 26. Rxc1 $1 {Après
l'échange de la seule R Noire active, les pièces mineures vont dominer la Rf8
} Qxc1+ 27. Kg2 $16 {[%cal Gd6f7,Gb3e6]} Qc5 28. Ne4 Qd4 29. h4 h6 30. Qc6 {
[%csl Re6,Rg6][%cal Gb3e6]} Qe5 31. Nd2 Qc3 $1 32. Qd6 Rc8 33. Ne4 Qc6 34. Qxc6
Rxc6 35. Kf3 f5 $132 36. Nd2 Kf7 37. Nc4 Kf6 38. Ne3 Ke5 39. Nc2 Rb6 40. Ke3 g5
41. hxg5 hxg5 42. f4+ gxf4+ 43. gxf4+ Kd6 $2 (43... Kf6 $8) 44. Nd4 Rb7 45.
Bxe6 Rh7 46. Bxf5 Rh2 47. Be6 1-0

[Event "Dieren op"]
[Site "Dieren"]
[Date "2016.08.02"]
[Round "7"]
[White "L'Ami, Erwin"]
[Black "Debashis, Das"]
[Result "1-0"]
[WhiteElo "2606"]
[BlackElo "2451"]
[Annotator "Sagar Shah"]
[PlyCount "43"]
[EventDate "2016.07.26"]
[EventType "swiss"]
[EventRounds "9"]
[EventCountry "NED"]
[SourceTitle "CBM 173 Extra"]
[Source "ChessBase"]
[SourceDate "2016.08.29"]
[SourceVersion "1"]
[SourceVersionDate "2016.08.29"]
[SourceQuality "1"]
[WhiteClock "0:19:13"]
[BlackClock "0:29:34"]

1. d4 d5 2. c4 dxc4 {Debashis Das doesn't usually play the Queen's Gambit
Accepted but in this game he goes for it.} 3. e3 Nf6 4. Bxc4 e6 5. Nf3 c5 6.
O-O Nc6 7. Qe2 cxd4 8. Rd1 Be7 9. exd4 O-O 10. Nc3 Na5 {Until now we have seen
the normal moves. This knight sortie to the side of the board is a little
abnormal. But the idea is to force the bishop away from the control of d5, so
that d4-d5 is no longer a threat and then play b6 followed by Bb7.} 11. Bd3 b6
12. Bg5 Bb7 {Diagram [#] It seems as if Black is quite nicely developed.
Logical moves for White would be Rc1 or Ne5. However, Erwin thought for a
while and decided to spice up things with a pawn sacrifice.} 13. d5 $5 {
Nearly 142 games had reached the previous position but only one continued with
d4-d5. The move is tricky, but against a careful opponent it is at best tricky.
} exd5 (13... Nxd5 14. Bxh7+ Kxh7 15. Bxe7 Qxe7 (15... Nxe7 16. Rxd8) 16. Nxd5
Bxd5 17. Rxd5 $14) 14. Nd4 {The knight is looking at juicy squares like f5 and
the queen is ready to transfer herself to the battle zone with Qf3-h3.} Re8 15.
Nf5 Bc5 16. Qf3 d4 {The game becomes extremely sharp.} 17. Ne4 {What should
white play?} Rc8 $2 {A poor move by Debashis not at all in the spirit of the
position.} (17... Rxe4 $1 {Excellent move! But we hope you have seen what is
coming after Bxf6.} 18. Bxf6 {Diagram [#]} Re5 $3 (18... Qxf6 19. Bxe4 $16) 19.
Bxd8 (19. Qg3 Qxf6 $19) 19... Bxf3 20. Bc7 Rxf5 21. Bxf5 Bxd1 22. Rxd1 $11 {
White has some compensation but it is not more than a pawn.}) 18. Re1 (18.
Nxf6+ $1 Qxf6 (18... gxf6 19. Qh5 $18) 19. Qh5 g6 20. Bxf6 gxh5 21. Ng7 $1 Rf8
22. Nxh5 $16) 18... Re6 (18... Bxe4 19. Bxe4) 19. Nxf6+ Qxf6 20. Qg3 Rxe1+ 21.
Rxe1 Qc6 22. Be7 $1 {If the mate on g7 is prevented, then b4 wins a piece. An
imaginative game by Erwin.} 1-0